Evaluation of planar and spatial development of leaf biomass in horse chestnut (Aesculus hippocastanum L.) in urban greenery

Bibliographic Details
Main Author: Vreštiak, Pavol, 1942- (Author)
Format: Article
Language:Slovak
English
PhysicalDescription:Tb. 3. Grafy 8. Res. slov., rus., lit. 11 zázn. v češ., angl., nem.
Subjects:

MARC

LEADER 00000nab a2200000 a 4500
001 vtls000243415
003 SK-MaSNL
005 20260304064049.0
008 250422c1986 xo 0 slo
015 |a SNBRB19rr/mm-uuuuu 
035 |a CL0253529 
035 |a urn:nbn:sk:snk-ab9yc5 
035 |a (urnnbn)urn:nbn:sk:snk:ar-a094gi 
035 |a (uuid)a969f2fe-09ad-4d9c-a6f7-4637f1645406 
040 |a SNKBUCL  |b slo  |c SNKBUCL  |e AACR2 
041 0 |a eng 
044 |a xo  |c SK 
080 |a 581.144.4:582.772.3:574.3  |2 1981 
080 |a 582.772.3  |2 1981 
080 |a 574.3  |2 1981 
100 1 |a Vreštiak, Pavol,  |d 1942-  |4 aut  |9 27360 
245 1 0 |a Evaluation of planar and spatial development of leaf biomass in horse chestnut (Aesculus hippocastanum L.) in urban greenery  |c Pavol Vreštiak 
300 |b Tb. 3. Grafy 8. Res. slov., rus., lit. 11 zázn. v češ., angl., nem. 
650 0 7 |a pagaštan konský  |2 snkbucl  |9 56994 
650 0 7 |a biomasa listová  |2 snkbucl  |9 944871 
650 0 7 |a mestská zeleň  |2 snkbucl  |9 2940 
655 7 |a články z novín a časopisov  |2 snkbucl  |9 267496 
773 0 |t Ekológia (ČSSR)  |g Roč. 5, č. 1 (1986), s. 33-47 
850 |a Slovenská národná knižnica 
852 |a Slovenská národná knižnica 
958 |a article13 
958 |a NB 
958 |a RK 
958 |a ME 
958 |a OND 
958 |a EUIPO 
992 |a RBX 
999 |c 2745021  |d 2746951